<?xml version="1.0" encoding="UTF-8"?>
<record
    xmlns:xsi="http://www.w3.org/2001/XMLSchema-instance"
    xsi:schemaLocation="http://www.loc.gov/MARC21/slim http://www.loc.gov/standards/marcxml/schema/MARC21slim.xsd"
    xmlns="http://www.loc.gov/MARC21/slim">

  <leader>00341nam a22001217a 4500</leader>
  <controlfield tag="008">251009b        |||||||| |||| 00| 0 eng d</controlfield>
  <datafield tag="040" ind1=" " ind2=" ">
    <subfield code="a">17</subfield>
  </datafield>
  <datafield tag="100" ind1=" " ind2=" ">
    <subfield code="a">Dabas Dr.Sunil</subfield>
  </datafield>
  <datafield tag="245" ind1=" " ind2=" ">
    <subfield code="a">Physiology of exercise in physical education</subfield>
  </datafield>
  <datafield tag="260" ind1=" " ind2=" ">
    <subfield code="a">New delhi</subfield>
    <subfield code="b">Khel sahitya kendra new delhi</subfield>
  </datafield>
  <datafield tag="710" ind1=" " ind2=" ">
    <subfield code="a">Khel sahitya kendra new delhi</subfield>
  </datafield>
  <datafield tag="942" ind1=" " ind2=" ">
    <subfield code="c">01</subfield>
  </datafield>
  <datafield tag="999" ind1=" " ind2=" ">
    <subfield code="c">66531</subfield>
    <subfield code="d">66531</subfield>
  </datafield>
  <datafield tag="952" ind1=" " ind2=" ">
    <subfield code="0">0</subfield>
    <subfield code="1">0</subfield>
    <subfield code="2">ddc</subfield>
    <subfield code="4">0</subfield>
    <subfield code="7">0</subfield>
    <subfield code="9">554359</subfield>
    <subfield code="a">17</subfield>
    <subfield code="b">17</subfield>
    <subfield code="d">2025-10-09</subfield>
    <subfield code="e">Khel sahitya kendra</subfield>
    <subfield code="l">0</subfield>
    <subfield code="p">17-B-4033</subfield>
    <subfield code="r">2025-10-09</subfield>
    <subfield code="w">2025-10-09</subfield>
    <subfield code="y">01</subfield>
  </datafield>
  <datafield tag="952" ind1=" " ind2=" ">
    <subfield code="0">0</subfield>
    <subfield code="1">0</subfield>
    <subfield code="2">ddc</subfield>
    <subfield code="4">0</subfield>
    <subfield code="7">0</subfield>
    <subfield code="9">554360</subfield>
    <subfield code="a">17</subfield>
    <subfield code="b">17</subfield>
    <subfield code="d">2025-10-09</subfield>
    <subfield code="e">Khel sahitya kendra</subfield>
    <subfield code="l">0</subfield>
    <subfield code="p">17-B-4034</subfield>
    <subfield code="r">2025-10-09</subfield>
    <subfield code="w">2025-10-09</subfield>
    <subfield code="y">01</subfield>
  </datafield>
</record>
